Vocabulary Click Quiz: Starting with D - Statistics

General Stats
  • This quiz has been taken 59 times
  • The average score is 14 of 20
Answer Stats
Hint Answer % Correct
Formed or developed from something else derived
85%
Make private information public divulge
83%
Conclude by reasoning deduce
80%
One's usual mood or temperment disposition
80%
A fiasco, disaster, or great failure debacle
78%
Luxurious self-indulgence decadence
75%
Ornamental jeweled headdress diadem
75%
Cause to expand as if by internal pressure distend
73%
Proper and polite behavoir decorum
70%
Instructive or informative didactic
70%
Thickly covered with ingrained dirt or soot dingy
70%
Cause to lose one's composure disconcert
70%
Easily handled or managed docile
70%
Unaffected by strong emotion or prejudice dispassionate
63%
Courteous regard for people's feelings deference
60%
Having the ability to act according to one's own judgement discretionary
60%
An elaborate analytical or explanatory essay or discussion disquisition
60%
Lack of self-confidence diffidence
55%
Do something that one considers to be below one's dignity deign
50%
Hide feelings from other people dissimulate
45%
No matching quizzes found
Score Distribution
Percent of People with Each Score
Percentile by Number Answered
Your Score History
You have not taken this quiz